Rangers Trivia (as of 2023) - Statistics

General Stats
  • This quiz has been taken 54 times
    47 since last reset
  • The average score is 5 of 15
Answer Stats
Hint Answer % Correct
What year was the club formed 1872
93%
Name the TWO mangers who have had two spells with Rangers Jock Wallace and Walter Smith
88%
Name the player who has most recently played both Rangers and Celtic Kenny Miller
58%
Who was the successor of Alex McLeish Paul Le Guen
53%
Who was rangers longest ever serving manager Bill Struth
49%
Who was voted as the best foreign player Brian Laudrup
49%
Who was the last player to score in a European final Joe Aribo
35%
Who is Rangers current (2023) sponsor Castore
26%
Which player is Rangers record sale Calvin Bassey
21%
Which player won the PFA Scotland Players' Player of the Year 2009/10 season Steven Davis
14%
Which manager won the European cup winners cup Willie Waddell
12%
When was Ibrox opened 1899
9%
Who was the clubs first official first team manager William Wilton
9%
Who has the most league appearances Sandy Archibald
2%
What is Ibrox record attendance 118,567
0%
No matching quizzes found
Score Distribution
Percent of People with Each Score
Percentile by Number Answered
Your Score History
You have not taken this quiz since the last reset